000 00766nam a22001817a 4500
003 IT-RoPau
005 20220918175939.0
008 130125b xxu||||| |||| 00| 0 eng d
040 _cIT-RoPau
100 _aAmbrosi, Olga
_9255
245 _aTecla Merlo
_b(una vita a servzio del Vangelo)
250 _aIII
260 _aAlba
_bFSP
_c1983
300 _a160 p, con foto
_c21 cm
490 _aEdizioni Paoline
_vI
520 _aIndice Nota dell'Autrice alla terza edizione Prefazione Donna di raro equilibrio Prima educazione Fanciulezza e giovinezza La grande decisione La <<Prima Maestra>> Virtù nascoste Fede, fortezza, dolcezza Amore a Dio Carità verso gli altri La sua preghiera Slancio apostolico L'offerta della vita Di lei hanno detto
942 _2ddc
_cBK
999 _c37847
_d37847